000 00341nam a22001457a 4500
008 250417b ||||| |||| 00| 0 eng d
020 _a9781840227635
041 _aeng
080 _22023
_a82STE
082 _282STE
100 _a01
101 _aGJUHE DHE LETERSI
245 _aTREASURE ISLAND
_cROBERT LOUIS STEVENSON
942 _2udc
_cBK
999 _c60659
_d60659